00937cam a2200277 i 4500999001500000001000600015003000900021005001700030008004100047010001700088020001800105040004400123082002100167100002900188245007800217250001200295260003600307300002700343490002500370504004100395650002700436650003000463700002000493942001200513952013400525 c1478d147819458BD-DhUAP20200208160607.0200208s2015 ii v 001 0 eng d a 2013332340 a9789350355060 aDKAGEbengcDKAGEdOCLCOdBD-DhUAPerda04a347.5409 BAN2231 a Bansal, Ashwinie Kumar.10aArbitration & ADR /cAshwinie Kumar Bansal ; foreword by H. R. Bhardwaj. a1st ed. aNew Delhi :bUniversal,cc2015. axx, 128 pages ;c25 cm aUniversal law series aIncludes bibliographical references. 0aArbitration and award. 0aDispute resolution (Law). aBhardwaj, H. R. 2ddccBK 00102ddc4070aUAPCLbUAPCLcGeneral Stacksd2020-02-08l1o347.5409 BANp3010019458r2024-10-09s2024-10-03t1w2020-02-08yBK